| 000 | 01668nab a2200253 i 4500 | ||
|---|---|---|---|
| 001 | 768714001 | ||
| 003 | CO-MdFUSB | ||
| 005 | 20240620153631.0 | ||
| 008 | 240620t1993 us ||||| |||| 00| 0 eng d | ||
| 040 |
_bspa _cCO-MdFUSB _dCO-MdFUSB |
||
| 041 | _aeng | ||
| 100 |
_aKeyes, Larry E., _eautor |
||
| 245 | 1 |
_aTwo-thirds world missions : _bthe next 100 years _c/ Larry E. Keyes and Larry D. Pate |
|
| 520 | _aLas misiones mundiales están pasando de ser principalmente coordinadas y dirigidas por América del Norte y Europa a convertirse también en una fortaleza de las iglesias en los dos tercios del mundo, los países de África, Asia y América Latina. Keyes y Pate escriben sobre el crecimiento, las tendencias y las implicaciones de las misiones de Dos Tercios Mundos en el próximo siglo. Este artículo también lucha con las tendencias globales en tecnología, política, economía y religión en un esfuerzo por discernir patrones futuros y cómo pueden afectar las misiones de los Dos Tercios del Mundo y las misiones en general. Los autores concluyen con una sección titulada “La globalización de las misiones mundiales” en la que describen las posibilidades en una era venidera de actividad misionera cooperativa. | ||
| 546 | _atexto en inglés. | ||
| 650 | 0 |
_aMisiones _9154 |
|
| 650 | 7 |
_aApologética _9187 |
|
| 650 | 0 |
_aProblemas sociales _9946 |
|
| 650 | 7 |
_aReligión y política _9286 |
|
| 700 |
_aPate, Larry D., _eautor |
||
| 773 | 0 |
_049486 _961128 _d Pasadena _oR0886 _tMissiology: _w(CO-MdFUSB)97 _gVolumen 21, (número 2, 1993) páginas: 187 - 206 _qpágina: 187 |
|
| 942 | _cANA | ||
| 945 | _aCatherine Arias Álvarez - Practicante SENA | ||
| 999 |
_c70329 _d70329 |
||